Usapang pera : mga dapat alamin : (Record no. 288305)
[ view plain ]
| 000 -LEADER | |
|---|---|
| fixed length control field | 00797nam a2200205 a 4500 |
| 001 - CONTROL NUMBER | |
| control field | FIB033614 |
| 003 - CONTROL NUMBER IDENTIFIER | |
| control field | PILC |
| 005 - DATE AND TIME OF LATEST TRANSACTION | |
| control field | 20150804125855.0 |
| 008 - FIXED-LENGTH DATA ELEMENTS--GENERAL INFORMATION | |
| fixed length control field | |
| 020 ## - INTERNATIONAL STANDARD BOOK NUMBER | |
| International Standard Book Number | 9789719571704 |
| 050 ## - LIBRARY OF CONGRESS CALL NUMBER | |
| Classification number | HG 1662.A4.P6 |
| Item number | .P538 2013 |
| 110 ## - MAIN ENTRY--CORPORATE NAME | |
| Corporate name or jurisdiction name as entry element | Philippine Deposit Insurance Corporation. |
| 245 #0 - TITLE STATEMENT | |
| Title | Usapang pera : mga dapat alamin : |
| Statement of responsibility, etc | edited by the editorial board of the Philippine Deposit Insurance Corporation. |
| Remainder of title | a PDIC guidebook on basic banking & financial transactions / |
| 260 ## - PUBLICATION, DISTRIBUTION, ETC. (IMPRINT) | |
| Place of publication, distribution, etc | Makati City : |
| Name of publisher, distributor, etc | Philippine Deposit Insurance Corporation, |
| Date of publication, distribution, etc | 2013. |
| 300 ## - PHYSICAL DESCRIPTION | |
| Extent | 165 pages : |
| Other physical details | color illustrations ; |
| Dimensions | 23 cm. |
| 650 ## - SUBJECT ADDED ENTRY--TOPICAL TERM | |
| Topical term or geographic name as entry element | Bank deposits |
| General subdivision | Philippines. |
| 650 ## - SUBJECT ADDED ENTRY--TOPICAL TERM | |
| Topical term or geographic name as entry element | Deposit insurance |
| General subdivision | Philippines. |
| 700 ## - ADDED ENTRY--PERSONAL NAME | |
| Personal name | Cruz, Efren Ll. |
| 942 ## - ADDED ENTRY ELEMENTS (KOHA) | |
| Source of classification or shelving scheme | Library of Congress Classification |
| Koha item type | Books |
| Withdrawn status | Lost status | Source of classification or shelving scheme | Damaged status | Home library | Current library | Shelving location | Date acquired | Source of acquisition | Total Checkouts | Full call number | Barcode | Date last seen | Price effective from | Koha item type |
|---|---|---|---|---|---|---|---|---|---|---|---|---|---|---|
| Library of Congress Classification | Archives | Archives | 08/04/2015 | Donation | HG 1662.A4.P6 .P538 2013 | C19622 | 05/08/2018 | 08/04/2015 | Books | |||||
| Library of Congress Classification | College Library | College Library | Filipiniana Section | 08/04/2015 | Donation | HG 1662.A4.P6 .P538 2013 | C19620 | 05/08/2018 | 08/04/2015 | Books | ||||
| Library of Congress Classification | College Library | College Library | Filipiniana Section | 08/04/2015 | Donation | HG 1662.A4.P6 .P538 2013 | C19621 | 05/08/2018 | 08/04/2015 | Books | ||||
| Library of Congress Classification | Southville International School Affiliated with Foreign Universities Library | Southville International School affiliated with Foreign Universities-Student Center | 06/11/2020 | Donation | HG 1662.A4.P6 .P538 2013 | SFU0633 | 06/11/2020 | 06/11/2020 | Books |